Digital Copyright Law

Detalles Bibliográficos
Autor principal: Hutchison, Cameron
Formato: eBook
Lenguaje:inglés
Publicado: Toronto: Irwin Law Inc., 2016
Materias:
Acceso en línea:Acceso restringido

MARC

LEADER 00000nam a22000007a 4500
005 20210809225452.0
007 cr|||| |||
008 210809s2016 ca |||||s|||| 00||0 eng d
020 |a 9781552214251 
035 |a 34950 
040 |a vLex 
090 |c 11942  |d 11942 
100 1 |a Hutchison, Cameron 
245 1 0 |a Digital Copyright Law  |h [Recurso electrn̤ico] /  |c Cameron Hutchison 
256 |a Servicio en ln̕ea 
260 |a Toronto:  |b Irwin Law Inc.,  |c 2016 
300 |a 1 recurso electrn̤ico 
500 |a In Digital Copyright Law, Professor Hutchison identifies and analyzes the many novel legal issues that often arise in this area of growing importance. This book assesses the developing law against an interpretive methodology that seeks to rationalize rights, and brings coherence to the Copyright Act, in the face of challenging digital facts. Included in this methodology is a detailed analysis of the meaning and applicability of the principle of technological neutrality. This comprehensive treatment of Canadian digital copyright law examines the recent digital amendments to the Act in depth — including separate chapters on technological protection measures (digital locks) and the treatment of Internet intermediaries. Detailed consideration is given to developing caselaw on key issues such as the right to copy, the right to communicate a work to the public by telecommunication, the application of fair dealing rules in the digital sphere, and the use of Norwich orders to identify Internet infringers. Other issues not yet addressed in the law, such as the applicability of exhaustion rules to digital goods, and private international law rules for ubiquitous infringement, are also discussed. 
506 1 |a Disponible solo en los productos indicados  |d vLex Global  |d vLex Global (Academic Edition, excluding Law Schools)  |d vLex Global (U.S. Academic Edition, Law Schools)  |d vLex Global (U.S. Academic Edition, excluding Law Schools)  |d vLex Global (Academic Edition, Law Schools) 
650 0 4 |a Propiedad Intelectual  |z Canad̀ 
650 0 4 |a Derecho de las Nuevas Tecnologa̕s  |z Canad̀ 
740 0 |a vLex Libros (Servicio en ln̕ea) 
856 4 0 |u https://app.vlex.com/#/sources/34950  |z Acceso restringido 
942 |c BOOK 
999 0 |a Intellectual Property 
999 0 |a New Technologies Law